LEADER 01250nam a2200301 i 4500 001 000000146780 003 CaOOAMICUS 005 20060117000000.0 008 060117s1991 it u000 u ita u 013 $a123677 020 $a88-11-59869-9 040 $aSeMil$bita 100 1 $aPaz, Octavio.$0(OLS)http://semarc/name/58351 245 10$aSuor Juana Inés de la Cruz o le insidie della fede /$cOctavio Paz ; introduzione di Dario Puccini. 260 $aMilano :$bGarzanti,$c1991. 300 $a685 p., [32] p. di tav. ;$c22 cm. 490 0 $aSaggi blu 500 $aContiene : Appendice. - Fondo Ciprandi. 600 04$aJuana Inés : de la Cruz .$0(OLS)http://semarc/subject/28720 700 1 $aPuccini, Dario,$d<1921-1997>.$0(OLS)http://semarc/name/15271 830 0$aSaggi blu.$0(OLS)http://semarc/title/7183 850 $aSeMil 852 $aSeMil$W1$xVenegono$y1$m1W IV 311$j99402$B99402$CSeMilBibl$Z2$F107912 $81 941 1 $a1 961 $aOmaggio: Ciprandi dott. Paolo 996 $6020$a88-11-59869-9$9(OLS)http://semarc/number/135387 996 $6245$aSuor Juana Inés de la Cruz o le insidie della fede$9(OLS)http://semarc/title/214647 996 $6260$aMilano :$bGarzanti$9(OLS)http://semarc/publisher/29852 LEADER 01280nam a2200229 i 4500 001 000000045366 003 CaOOAMICUS 005 20120203000000.0 008 120203s1931 xx u000 u fre u 013 $a16536 040 $aSeMil$bita 100 1 $aCaussade, Jean-Pierre : de <1675-1751>.$0(OLS)http://semarc/name/12920 245 10$aBossuet Maitre d'oraison :$binstructions spirituelles en forme de dialogue sur les divers états d'oraison suivant la doctrine de M. Bossuet /$cpar le P. Caussade de la Compagnie de Jésus, docteur en Théologie. 250 $aNouvelle édition conforme a l'édition originale de 1741, avec une introduction et des notes. 260 $aParis :$bBloud & Gay,$c1931. 300 $aXLVI, 251 p. ;$c20 cm. 600 14$aBossuet, Jacques-Bénigne .$0(OLS)http://semarc/subject/3592 700 1 $aBremond, Henri,$d <1865-1933>.$0(OLS)http://semarc/name/3951 850 $aSeMil 852 $aSeMil$W1$xVenegono$y1$m2C I 124$j11521$B11521$CSeMilBibl$Z2$F11521 $81 996 $6245$aBossuet Maitre d'oraison :$binstructions spirituelles en forme de dialogue sur les divers états d'oraison suivant la doctrine de M. Bossuet$9(OLS)http://semarc/title/67419 996 $6260$aParis :$bBloud & Gay$9(OLS)http://semarc/publisher/31180